| 000 | 00922naa a2200229 a 4500 | ||
|---|---|---|---|
| 001 | 79109 | ||
| 003 | BD-RjUL | ||
| 005 | 20220103125605.0 | ||
| 008 | 220103s1975 ir ||||| |||| 00| 0 per d | ||
| 035 | _a(BD-RjUL)79109 | ||
| 040 |
_aBD-RjUL _beng _cBD-RjUL _dBD-RjUL |
||
| 041 | _aper | ||
| 082 |
_223 _a297.09 _bSAT 1975 |
||
| 100 | 1 | 0 |
_a Safa, Zabihullah ;; صفا, ذبیحالله _9469 |
| 245 | 1 | 0 |
_atariykh ulum aqliy dar tamdun asalamy ta awasit qarn pnjam ;; تاریخ علوم عقلی در تمدن اسلامی تا اواسط قرن پنجم _cAuthor: Zabihullah Safa ;; مؤلف: ذبیحالله صفا |
| 260 |
_a : تهران _b, موسسه چاپ و انتشارات دانشگاه _c1975 |
||
| 300 |
_a451 p. ; _c24 cm |
||
| 490 |
_aاثرات دانشگاه تهران ; _v157 |
||
| 650 |
_aIslam _vHistory _9470 |
||
| 830 |
_aاثرات دانشگاه تهران ; _v157 _9471 |
||
| 942 |
_2ddc _cBK |
||
| 999 |
_c79109 _d79109 |
||